Technológia služieb cestovných kancelárií Praktikum

Uložené v:
Podrobná bibliografia
Hlavný autor: Orieška, Ján
Korporativný autor: Vysoká škola ekonomická v Bratislave. Fakulta ekonomiky služieb a cestovného ruchu v Banskej Bystrici
Médium: Kniha
Jazyk:Slovak
Vydavateľské údaje: Bratislava VŠE 1991
Vydanie:1. vyd.
Tagy: Pridať tag
Žiadne tagy, Buďte prvý, kto otaguje tento záznam!

MARC

LEADER 00000nam a2200000 4500
001 c023940
005 20221214095029.2
041 0 |a slo 
044 |a SK 
245 1 0 |a Technológia služieb cestovných kancelárií  |b Praktikum  |c Ján Orieška a kol. 
250 |a 1. vyd. 
264 1 |a Bratislava  |b VŠE  |c 1991 
300 |a 110 s. 
100 1 |a Orieška, Ján 
710 2 |a Vysoká škola ekonomická v Bratislave. Fakulta ekonomiky služieb a cestovného ruchu v Banskej Bystrici